000 00555nam a2200181Ia 4500
005 20250326141339.0
008 250326s9999 xx 000 0 und d
037 _aTextbook
040 _aFMSL
_beng
_cFMSL
041 _aeng
_2eng
084 _aY41 P0
_qFMSL
100 _aHarvard Business Review
_9728401
245 0 _aHarvard business review on work and live balance
_cHarvard Business Review
260 _aBoston
_bBoston, Harvard business School Publishing
_c2000
300 _a232p
942 _cTB
_hY41 P0
999 _c1289887
_d1289887